000 01335nam a22003497a 4500
003 CHAP
005 20220329134933.0
008 971013s1971 r 00010 d
010 _a28361
011 _a29333
035 _a33444
040 _cCHAP
082 _a371
_bC6
110 _aConsejo Nacional Técnico de la Educación. México
_927333
245 _aAportaciones al estudio de los problemas de la educación
260 _aMéxico, D.F. :
_bSecretaría de Educación Pública,
_c1971
300 _a6 v.
590 _aBATCH-UPD
_b10
_c20130110
_lUCH01
_h1233
590 _aBATCH-UPD
_b10
_c20130410
_lUCH01
_h0802
590 _aBATCH-UPD
_b10
_c20130914
_lUCH01
_h1236
590 _aCONVERSION
_b10
_c20130109
_lUCH01
_h1316
650 1 4 _aEducación
_xMéxico.
_935466
650 1 4 _aPolítica educativa
_zMéxico.
_990561
901 _aBK
942 _cLIBRO
949 _a371 C6
_bBC
_cLIBRO
_d33724000378444
_eLIBRO
_fv.2
_h37785
_i33444
_si
949 _a371 C6
_bBC
_cLIBRO
_d33724000378659
_eLIBRO
_fv.1
_h37784
_i33444
_si
949 _a371 C6
_bBC
_cLIBRO
_d33724000378667
_eLIBRO
_fv.3
_h37786
_i33444
_si
949 _a371 C6
_bBC
_cLIBRO
_d33724000378675
_eLIBRO
_fv.4
_h37787
_i33444
_si
949 _a371 C6
_bBC
_cLIBRO
_d33724000378683
_eLIBRO
_fv.5
_h37788
_i33444
_si
949 _a371 C6
_bBC
_cLIBRO
_d33724000378691
_eLIBRO
_fv.6
_h37789
_i33444
_si
999 _c28361
_d28361